| 000 | 01624nam a22001577a 4500 | ||
|---|---|---|---|
| 041 | _aukr | ||
| 080 | _a09 | ||
| 090 | _bТЕР | ||
| 100 | _aТерентьєва, І. В. | ||
| 245 | _aСучасні тенденції розвитку освіти у Великобританії | ||
| 260 |
_aОстрог _bКАФ _c2013 |
||
| 300 | _a106 | ||
| 520 |
_aВступ.
Розділ І. Особливості розвитку освіти у Великобританії.
1.1. Історія освітніх закладів
1.2. Характеристика особливостей стану і тенденцій розвитку освіти
Розділ ІІ. Сучасні принципи та механізми освітніх реформ.
2.1. Початкова та середня освіта
2.2. Система подальшої та вищої освіти
Розділ ІІІ. Проблематика, реформи та загальна характеристика.
3.1. Характеристика та види університетів та політехнічних вузів
3.2. Реформи вищої школи
3.3. Система педагогічної освіти у Великобританії
Розділ IV. Охорона праці та безпека в надзвичайних ситуаціях.
4.1. Виробничі шкідливі фактори та їх усунення
Висновки.
Додатки.
Список використаної літератури _0Великобританія, освіта |
||
| 650 | _aResearch Papers | ||
| 999 |
_c285357 _d285357 |
||
| 942 | _cBK | ||